000 00919nam a2200277 a 4500
001 55707
003 BD-RJUL
005 20211209080314.0
008 161127s1962 pk a b 000 0 eng
035 _a(BD-RJUL)55831
035 _a(OCoLC)05310727
035 _aGLIS00085748
040 _aDLC
_cDLC
_dm.c.
_dBD-RJUL
_beng
041 _aeng
082 _223
_a946.09021
_bIRF 1962
099 _aQB981.S55
100 1 _aIrving, Thomas Ballantine
_9165920
245 1 4 _aFalcon of spain :
_ba study of eigth century spain,with special emphasis upon the life of the umayyad ruler abdurrahman 1 (756-788) /
_cThomas Ballantine Irving
250 _a2nd ed.
260 _aLahore :
_bS H. MUHAMMAD ASHRAF,
_cc1962.
300 _a203 p. ;
_c23 cm.
504 _aIncludes bibliography
650 0 _aSpain -- History -- 711-1516.
_9165921
_vAbd al-Raḥmān -- I, -- 731-788.
942 _2ddc
_cBK
999 _c55707
_d55707